Четверть века новой России: государственность, гражданское общество и бизнес (к 25-летию Конституции Российской Федерации) (Запись № 11934413)
[ простой вид ]
| 000 -МАРКЕР | |
|---|---|
| контрольное поле | 02848nam0a2200349 4500 |
| 001 - ИДЕНТИФИКАТОР ЗАПИСИ | |
| контрольное поле | RU\NLR\BIBL_A\012109807 |
| 005 - ИДЕНТИФИКАТОР ВЕРСИИ | |
| контрольное поле | 20191023163345.0 |
| 010 ## - МЕЖДУНАРОДНЫЙ СТАНДАРТНЫЙ НОМЕР КНИГИ (ISBN) | |
| Номер (ISBN) | 978-5-8180-0564-5 |
| Тираж | 299 |
| 021 ## - НОМЕР ГОСУДАРСТВЕННОЙ РЕГИСТРАЦИИ | |
| Код страны | Российская Федерация |
| Номер | КН-П-19-065935 |
| Номер Листа государственной регистраци | КН-П-19-4739 |
| 035 ## - ДРУГИЕ СИСТЕМНЫЕ НОМЕРА | |
| Идентификатор записи | (NLR Aleph) 012109807 |
| 035 ## - ДРУГИЕ СИСТЕМНЫЕ НОМЕРА | |
| Идентификатор записи | (RuMoRGB)010086640 |
| 100 ## - ДАННЫЕ ОБЩЕЙ ОБРАБОТКИ | |
| Данные общей обработки | 20191002d2019 k y0rusy50 ca |
| 101 0# - ЯЗЫК РЕСУРСА | |
| Язык текста, звукозаписи и т.д. | русский |
| 102 ## - СТРАНА ПУБЛИКАЦИИ ИЛИ ПРОИЗВОДСТВА | |
| Страна публикации | Российская Федерация |
| 105 ## - ПОЛЕ КОДИРОВАННЫХ ДАННЫХ: ТЕКСТОВЫЕ МАТЕРИАЛЫ, МОНОГРАФИЧЕСКИЕ | |
| Кодированные данные о монографическом текстовом документе | a|||z|||010zy |
| 200 1# - ЗАГЛАВИЕ И СВЕДЕНИЯ ОБ ОТВЕТСТВЕННОСТИ | |
| Основное заглавие | Четверть века новой России: государственность, гражданское общество и бизнес (к 25-летию Конституции Российской Федерации) |
| Сведения, относящиеся к заглавию | сборник научных трудов |
| Первые сведения об ответственности | Федеральное государственное бюджетное образовательное учреждение высшего образования "Российская академия народного хозяйства и государственной службы при Президенте Российской Федерации", Поволжский институт управления им. П. А. Столыпина |
| Последующие сведения об ответственности | [редакционная коллегия: ... О. Ю. Абакумов - канд. социол. наук, доцент (отв. ред.)] |
| 210 ## - ПУБЛИКАЦИЯ, РАСПРОСТРАНЕНИЕ И ДР. | |
| Место издания, распространения и т.д. | Саратов |
| Имя издателя, распространителя и т. д. | Поволжский институт управления им. П. А. Столыпина - филиал РАНХиГС |
| Дата издания, распространения и т.д. | 2019 |
| 215 ## - ФИЗИЧЕСКАЯ ХАРАКТЕРИСТИКА | |
| Специфическое обозначение материала и объем | 205, [1] с. |
| Другие сведения о физической характеристике | ил., табл. |
| Размеры | 21 |
| 606 1# - НАИМЕНОВАНИЕ ТЕМЫ КАК ПРЕДМЕТ | |
| Наименование темы | Право |
| Географический подзаголовок | Российская Федерация |
| Формальный подзаголовок | Сборники |
| Код системы | nlr_sh1 |
| -- | nlr_sh2 |
| Идентификатор авторитетной/нормативной записи | RU\NLR\AUTH\661244932 |
| 607 ## - ГЕОГРАФИЧЕСКОЕ НАИМЕНОВАНИЕ КАК ПРЕДМЕТ | |
| Географическое наименование | Российская Федерация |
| Тематический подзаголовок | Социально-экономическое развитие |
| Формальный подзаголовок | Сборники |
| Код системы | nlr_sh1 |
| -- | nlr_sh2 |
| Идентификатор авторитетной/нормативной записи | RU\NLR\AUTH\661248179 |
| 686 1# - ИНДЕКСЫ ДРУГИХ КЛАССИФИКАЦИЙ | |
| Индекс | У03(2Р)74я43 |
| 686 1# - ИНДЕКСЫ ДРУГИХ КЛАССИФИКАЦИЙ | |
| Индекс | Х62я43 |
| 702 #1 - ИМЯ ЛИЦА - ВТОРИЧНАЯ ОТВЕТСТВЕННОСТЬ | |
| Начальный элемент ввода | Абакумов |
| Часть имени, кроме начального элемента ввода | О. Ю. |
| Даты | 1962- |
| Расширение инициалов личного имени | Олег Юрьевич |
| Код отношения | Редактор |
| 711 12 - НАИМЕНОВАНИЕ ОРГАНИЗАЦИИ - АЛЬТЕРНАТИВНАЯ ОТВЕТСТВЕННОСТЬ | |
| Начальный элемент ввода | "Четверть века новой России: государственность, гражданское общество и бизнес (к 25-летию Конституции Российской Федерации)", всероссийская научно-практическая конференция магистрантов, аспирантов, докторантов и молодых ученых с международным участием |
| Дата проведения временной организации | 2018 |
| Место проведения временной организации | Саратов |
| Идентификатор авторитетной/нормативной записи | RU\NLR\AUTH\880510003 |
| 712 02 - НАИМЕНОВАНИЕ ОРГАНИЗАЦИИ - ВТОРИЧНАЯ ОТВЕТСТВЕННОСТЬ | |
| Начальный элемент ввода | Поволжский институт управления им. П. А. Столыпина |
| Идентифицирующий признак | Саратов |
| Идентификатор авторитетной/нормативной записи | RU\NLR\AUTH\8810205867 |
| Код отношения | Организатор конференции |
| 942 ## - ДОПОЛНИТЕЛЬНЫЕ ЭЛЕМЕНТЫ ЗАПИСИ (АБИС) | |
| Тип экземпляра АБИС | Книга |
| 980 ## - КОЛЛЕКЦИЯ | |
| Название коллекции | НБР |
| 980 ## - КОЛЛЕКЦИЯ | |
| Название коллекции | Национальная библиография |
Нет доступных экземпляров.